South American Capitals in One Minute - Statistics

General Stats
  • This quiz has been taken 2,057 times
    2,055 since last reset
  • The average score is 10 of 12
Answer Stats
Hint Answer % Correct
Brazil Brasília
96%
Argentina Buenos Aires
96%
Peru Lima
95%
Chile Santiago
93%
Colombia Bogotá
91%
Venezuela Caracas
88%
Bolivia La Paz
88%
Ecuador Quito
88%
Uruguay Montevideo
87%
Paraguay Asunción
78%
Guyana Georgetown
74%
Suriname Paramaribo
68%
No matching quizzes found
Score Distribution
Percent of People with Each Score
Percentile by Number Answered
Your Score History
You have not taken this quiz since the last reset